| 000 | 00992nam a22002777a 4500 | ||
|---|---|---|---|
| 999 |
_c29404 _d29375 |
||
| 003 | EG-ScBUE | ||
| 005 | 20210830144545.0 | ||
| 008 | 200219s2011 enka f 000 0 eng d | ||
| 020 | _a9781107908413 | ||
| 040 |
_aEG-ScBUE _beng _erda _cEG-ScBUE _dEG-ScBUE |
||
| 043 |
_aaw----- _aff----- |
||
| 082 | 0 | 4 |
_a428.34 _bMID _222 |
| 245 | 0 | 0 |
_aMiddle East and North Africa Cambridge English : _bteaching and learning materials 2011. |
| 264 | 1 |
_aCambridge : _bCambridge University Press, _c2011. |
|
| 300 |
_a112 pages : _bcolor illustrations ; _c30 cm |
||
| 336 |
_2rdacontent _atext _btxt |
||
| 337 |
_2rdamedia _aunmediated _bn |
||
| 338 |
_2rdacarrier _avolume _bnc |
||
| 500 | _aIncludes index. | ||
| 650 | 7 |
_aEnglish language _xStudy and teaching _xForeign speakers _zMiddle East. _2BUEsh |
|
| 650 | 7 |
_aEnglish language _xStudy and teaching _xForeign speakers _zAfrica, North. _2BUEsh |
|
| 653 |
_bHHUUEENN _cAugust2021 |
||
| 655 |
_vReading book _934232 |
||
| 942 |
_2ddc _cBB |
||